000 00500nam a2200169 i 4500
001 57442
003 ES-MaACL
005 20230906163558.0
007 t|
008 031016s1972 sp ||||1| spa d
100 1 _aDorfles, Gillo.
_945398
245 1 0 _aSímbolo, comunicación y consumo /
_cGillo Dorfles ; [traducción: Maria Rosa Viale].
260 _aBarcelona :
_bLumen,
_c1972.
300 _a260 p. ;
_c19 cm.
700 1 _aViale, María Rosa.
_9114272
852 _aES-MaACL
_jC-53249
_bR.84661
999 _c57442
_d57442